Estadísticas para Cultura General Geográfica #3

Haz click aquí para intentar la prueba.

Estadísticas generales

  • Esta prueba ha sido intentada 220 veces
  • La puntuación promedio es 8 de 20

Estadísticas de respuestas

PreguntaRespuesta% Correcto
¿Cuál suele considerarse el río más largo del mundo?Río Nilo
100%
¿En qué ciudad se encuentra la Puerta de Brandemburgo?Berlín
75%
¿Cerca de qué gran ciudad encontrarías el estadio Old Trafford?Manchester
73%
¿Cuál es el parque nacional más antiguo de Estados Unidos, y también del mundo?Yellowstone
62%
¿En qué país se originó la música Bossa Nova?Brasil
58%
¿De qué país vienen los sherpas?Nepal
57%
¿Cuál es el país menos densamente poblado del mundo y también el único
con más caballos que personas?
Mongolia
56%
¿Qué país se conocía anteriormente como Ceilán?Sri Lanka
47%
¿De qué país forma parte la ciudad de Limerick?Irlanda
46%
¿Qué ciudad derrotó Roma en las Guerras Púnicas?Cartago
40%
¿Qué país actual remonta sus orígenes al rey Clodoveo a finales del siglo IV d.C.?Francia
35%
¿Cuál es el segundo río más largo de África?Congo
34%
¿Qué volcán indonesio explotó en 1883 con la fuerza de 200 megatones de TNT?Krakatoa
30%
¿Qué ciudad francesa se encuentra más cerca de Gran Bretaña?Calais
27%
¿Qué capital moderna está cerca de la ubicación de la antigua ciudad anterior?Túnez
27%
¿Cuál es el estado más poblado de Australia?Nueva Gales del Sur
23%
¿Quién hace la guardia de la Guardia Suiza?El Papa
21%
¿En qué lago se encuentra Toronto?Lago Ontario
21%
¿Qué capital nacional también se conoce como Krung Thep?Bangkok
11%
¿Qué conocido puerto de montaña une Pakistán y Afganistán?Paso de {Khyber}
2%

Distribución de puntuación

Porcentaje por número respondido

Porcentaje de gente con cada puntuación

Historial de tus puntuaciones

No has intentado esta prueba.